00665nam a2200217Ia 4500008004100000020001800041050001400059100001800073245004200091245004900133260001500182260002900197260000900226300001500235300002700250300001000277440002800287500000800315999001900323952010500342170918s9999 xx 000 0 und d a9780746060155 bD275 2007 aDaynes, Katie 4aThe adventures of Sinbad the sailor / cKatie Daynes ; illustrated by Paddy Mounter. aNew York : bUsborne Publishing Ltd., c2007 a48 pages : bcolored illustration ; c20cm. aUsbourne young reading. a600 c341735d341735 001040aSSISMbSSISMd2017-09-18l0oLEX D275 2007pSSISM0807r2017-09-18 00:00:00w2017-09-18yLEX